00677 2200217 4500001002100000005001500021035002000036007000300056008004100059020001800100082001100118084001700129100002000146245002900166260004400195300002000239500013600259650003800395856001700433990000900450INLIS00000000000010120220127121259 a0010-0122000101ta220127 g 0 ind  a9786020274969 a006.66 a006.66 CHR b0 aChristopher Lee1 aBuku Pintar Photoshop CC aJakarta :bElex Media Komputindo,c2015 a212 hlm :bfoto abuku pintar photoshop CC tweaks dan tips ditulis bagi anda yang ingin belajar photoshop dan berkembang ke tingkat yang lebih mahir. 4aPemrograman untuk Komputer Grafis aKoleksi Umum a4768